<?xml version="1.0" encoding="UTF-8"?>
<record
    xmlns:xsi="http://www.w3.org/2001/XMLSchema-instance"
    xsi:schemaLocation="http://www.loc.gov/MARC21/slim http://www.loc.gov/standards/marcxml/schema/MARC21slim.xsd"
    xmlns="http://www.loc.gov/MARC21/slim">

  <leader>01339nam a22001577a 4500</leader>
  <controlfield tag="008">141111b        xxu||||| |||| 00| 0 eng d</controlfield>
  <datafield tag="020" ind1=" " ind2=" ">
    <subfield code="a">1562760947</subfield>
  </datafield>
  <datafield tag="050" ind1=" " ind2=" ">
    <subfield code="a">QA76.5.W488</subfield>
  </datafield>
  <datafield tag="100" ind1=" " ind2=" ">
    <subfield code="a">White, Ron</subfield>
  </datafield>
  <datafield tag="245" ind1=" " ind2=" ">
    <subfield code="a">How computers work. /</subfield>
    <subfield code="c">Ron White</subfield>
  </datafield>
  <datafield tag="260" ind1=" " ind2=" ">
    <subfield code="a">Emeryville:</subfield>
    <subfield code="b">Ziff-Davis Press,</subfield>
    <subfield code="c">1993.</subfield>
  </datafield>
  <datafield tag="300" ind1=" " ind2=" ">
    <subfield code="a">xii, 202p.:</subfield>
    <subfield code="b">ill.;</subfield>
    <subfield code="c">27cm.</subfield>
  </datafield>
  <datafield tag="500" ind1=" " ind2=" ">
    <subfield code="a">Includes index.</subfield>
  </datafield>
  <datafield tag="505" ind1=" " ind2=" ">
    <subfield code="a">Contents: Boot-up process: How the power-on self-test works -- How a disk boot works -- How an operating system works -- Microchips: How a transistor works -- How RAM works -- How a microprocessor works -- How a RAM cache works works -- How a CD-ROM drive works -- How a magneto-optical drive works -- How a Bernoulli drive works -- How a tape backup drive works -- How a drive array works -- Input/output devices: How a bus works -- How a keyboard works -- How a computer display works -- How a serial port works -- How a parallel port works -- How a mouse works -- How a modem works -- How a scanner and optical character recognition work -- How a pen-based computer works -- Networks: How LAN topologies works -- How network communications works -- Printers: How bitmapped and outline fronts work -- How a dot-matrix printer works -- How a laser printer works -- How an ink-jet printer works -- How a color thermal printer works.</subfield>
  </datafield>
  <datafield tag="942" ind1=" " ind2=" ">
    <subfield code="2">lcc</subfield>
    <subfield code="c">BK</subfield>
  </datafield>
  <datafield tag="999" ind1=" " ind2=" ">
    <subfield code="c">5258</subfield>
    <subfield code="d">12758</subfield>
  </datafield>
  <datafield tag="952" ind1=" " ind2=" ">
    <subfield code="0">0</subfield>
    <subfield code="1">0</subfield>
    <subfield code="2">lcc</subfield>
    <subfield code="4">0</subfield>
    <subfield code="7">0</subfield>
    <subfield code="a">WIUC-1</subfield>
    <subfield code="b">WIUC-1</subfield>
    <subfield code="c">SPECIAL COLL</subfield>
    <subfield code="d">2014-11-11</subfield>
    <subfield code="l">0</subfield>
    <subfield code="o">QA76.5.W488</subfield>
    <subfield code="p">7527/555/13</subfield>
    <subfield code="r">2014-11-11 00:00:00</subfield>
    <subfield code="w">2014-11-11</subfield>
    <subfield code="y">BK</subfield>
  </datafield>
</record>
